[Event "Cez Cup GM 2011"]
[Site "Frydek Mistek CZE"]
[Date "2011.04.24"]
[Round "8"]
[White "Straka,Jos"]
[Black "Velicka,P"]
[Result "1/2-1/2"]
[WhiteElo "2304"]
[BlackElo "2477"]

1.d4 d5 2.c4 c6 3.Nf3 Nf6 4.Nc3 a6 5.c5 Nbd7 6.Bf4 Nh5 7.Bd2 Nhf6 8.Rc1 g6
9.h3 Bg7 10.g3 O-O 11.Bg2 Ne4 12.Bf4 h6 13.O-O g5 14.Be3 f5 15.Nxe4 dxe4
16.Qb3+ Kh8 17.Ne5 Nxe5 18.dxe5 Qd5 19.Qxd5 cxd5 20.Bd4 Bd7 21.f4 Bb5 22.Rfe1 gxf4
23.gxf4 Rg8 24.e3 e6 25.Kh2 Bf8 26.Bf1 Bd7 27.Be2 Be7 28.Rg1 Rxg1 29.Rxg1 Rg8
30.Rxg8+ Kxg8 31.Kg2 Kf8 32.Kf1 Bb5 33.Bxb5 axb5 34.b4 Ke8 35.a3 Kd7 36.Ke2  1/2-1/2

[Event "43rd TCh-ITA 2011"]
[Site "Spoleto ITA"]
[Date "2011.04.29"]
[Round "4"]
[White "Scalcione,M"]
[Black "Salvetti,A"]
[Result "1/2-1/2"]
[WhiteElo "2344"]
[BlackElo "2262"]

1.Nf3 d5 2.d4 Nf6 3.c4 c6 4.Nc3 a6 5.a4 e6 6.Bg5 Bb4 7.e3 Nbd7 8.cxd5 exd5
9.Bd3 O-O 10.O-O a5 11.Qc2 h6 12.Bh4 Re8 13.Rae1 Be7 14.Nd2 Nf8 15.f3 Ne6
16.Bf2 b6 17.Ne2 c5 18.Bb5 Bd7 19.dxc5 Bxb5 20.axb5 Bxc5 21.Nb3 Qd7 22.Qd3 a4
23.Nbd4 Nxd4 24.exd4 Bd6 25.Ra1 Ra5 26.Nc3 Rea8 27.Bh4 Nh5 28.Rfe1 Bb4 29.Re5 Nf4
30.Qe3 Bxc3 31.Qxf4 Bb4 32.Qg3 Kh7 33.Qf2 Bd6 34.Qc2+ Kg8 35.Re2 Qxb5 36.Be7 Re8
37.Rae1 Bxe7 38.Rxe7 Raa8 39.Kf2 Rec8 40.Qd2 Qb3 41.R1e2 Qc4 42.Qf4 Rf8 43.Rc7 Qb5
44.Qf5 Rad8 45.h4 Qb4 46.Qf4 Rc8 47.Rd7 Qb3 48.Qf5 Rcd8 49.Rc7 Qb4 50.Qf4 Qb5
51.Qf5 Rd6 52.h5 Rf6 53.Qd7 Qb4 54.Qxd5 Rd6 55.Rc4 Rxd5 56.Rxb4 b5 57.Re5 Rfd8
58.Rxb5 Rxd4 59.Re2 R4d5 60.Rb4 a3 61.bxa3 Rxh5 62.a4 Rc5 63.Rb5 Rc6 64.Ra2 Rcd6
65.Rbb2 Ra6 66.Rb5 Rdd6 67.a5 g5 68.g4 Kg7 69.Rc2 Rf6 70.Rcc5 Kg6 71.Rc8 Kg7
72.Rbb8 Rfe6 73.Rg8+ Kf6 74.Rb5 Re5 75.Rh8 Rxa5 76.Rxh6+ Kg7 77.Rxe5 Rxe5  1/2-1/2

[Event "43rd TCh-ITA 2011"]
[Site "Spoleto ITA"]
[Date "2011.04.30"]
[Round "5"]
[White "Georgiev,Ki"]
[Black "D'Amore,C"]
[Result "1-0"]
[WhiteElo "2666"]
[BlackElo "2505"]

1.d4 d5 2.c4 c6 3.Nf3 Nf6 4.Nc3 a6 5.e3 b5 6.c5 g6 7.b4 a5 8.bxa5 Qxa5 9.Bd2 b4
10.Nb1 Ne4 11.Be2 Bg7 12.a3 Nxd2 13.Nfxd2 Qc7 14.Nb3 bxa3 15.Nxa3 O-O 16.O-O Ra7
17.Qd2 e5 18.Nc2 Bf5 19.Nb4 Re8 20.Rxa7 Qxa7 21.Ra1 Qb7 22.Bf1 Qc7 23.Ra8 Qb7
24.Ra4 Qc7 25.h3 Qe7 26.Ra8 Qb7 27.Ra4 Qe7 28.dxe5 Bxe5 29.Nd4 Bd7 30.Nd3 Bc7
31.g3 Rc8 32.Ra7 Be8 33.Qb2 Bd7 34.Rxc7 Rxc7 35.Qxb8+ Rc8 36.Qb7 Qd8 37.Ne5 Rc7
38.Qb6 Be8 39.Nexc6 Qc8 40.Ba6 Qd7 41.Nb4  1-0

[Event "TCh-HUN 2010-11"]
[Site "Budapest HUN"]
[Date "2011.05.01"]
[Round "10"]
[White "Plachetka,J"]
[Black "Seres,L"]
[Result "0-1"]
[WhiteElo "2345"]
[BlackElo "2461"]

1.d4 d5 2.c4 c6 3.Nc3 Nf6 4.Nf3 a6 5.e3 b5 6.b3 Bg4 7.Be2 e6 8.h3 Bh5 9.O-O Nbd7
10.Bd2 Bd6 11.a4 b4 12.Na2 a5 13.Nc1 O-O 14.cxd5 cxd5 15.Nd3 Ne4 16.Rc1 Rc8
17.Nfe5 Rxc1 18.Nxc1 Bxe2 19.Qxe2 Nxe5 20.dxe5 Bxe5 21.Nd3 Bc3 22.Bxc3 Nxc3
23.Qd2 Qd6 24.Re1 h6 25.f3 e5 26.Nf2 Rd8 27.Rc1 e4 28.fxe4 dxe4 29.Qxd6 Rxd6
30.Rc2 f5 31.g3 g5 32.Kg2 f4 33.gxf4 gxf4 34.Ng4 h5 35.Ne5 fxe3 36.Nc4 e2
37.Rxe2 Rg6+ 38.Kf1 Nxe2 39.Kxe2 Rg3 40.Nxa5 Rxh3 41.Nc6 Rxb3 42.a5 Rb2+
43.Ke3 b3 44.Nd4 Ra2  0-1

[Event "ch-UKR semi-final"]
[Site "Alushta UKR"]
[Date "2011.05.05"]
[Round "3.29"]
[White "Nedilko,V"]
[Black "Onikienko,V"]
[Result "1/2-1/2"]
[WhiteElo "2407"]
[BlackElo "2205"]

1.d4 d5 2.c4 c6 3.Nf3 Nf6 4.Nc3 a6 5.e3 b5 6.b3 Bg4 7.Be2 e6 8.O-O Nbd7 9.h3 Bh5
10.Bb2 Bd6 11.Ne5 Bxe2 12.Nxe2 bxc4 13.bxc4 O-O 14.Rb1 Qc7 15.Nxd7 Qxd7 16.Qa4 Rfb8
17.Bc3 Qc8 18.Rb3 Nd7 19.Ba5 Rxb3 20.axb3 Qb7 21.c5 Be7 22.Ra1 e5 23.Bc3 exd4
24.Nxd4 Nxc5 25.Qxc6 Rb8 26.b4 Ne4 27.Be1 Bxb4 28.Qxb7 Rxb7 29.Bxb4 Rxb4
30.Rxa6  1/2-1/2

[Event "7th Mukachevo Rating"]
[Site "Mukachevo UKR"]
[Date "2011.05.05"]
[Round "1"]
[White "Guivan,V"]
[Black "Kristofori,A"]
[Result "1/2-1/2"]
[WhiteElo "2185"]
[BlackElo "2089"]

1.d4 d5 2.c4 c6 3.Nc3 Nf6 4.Nf3 a6 5.a4 g6 6.e3 Bg7 7.Ne5 Nbd7 8.Be2 Qc7
9.f4 O-O 10.O-O dxc4 11.Bxc4 c5 12.Nxf7 Nb6 13.Ne5+ Nxc4 14.Nxc4 cxd4 15.Qxd4 Be6
16.Nb6 Rad8 17.Qb4 Rd6 18.a5 Rfd8 19.h3 Kh8 20.Ne4 Nxe4 21.Qxe4 Qc6 22.Ra4 Rd1
23.Qxc6 bxc6 24.Ra1 c5 25.Rxd1 Rxd1+ 26.Kf2 c4 27.Na4 Bf5 28.Nc3 Rh1 29.e4  1/2-1/2

[Event "ch-UKR semi-final"]
[Site "Alushta UKR"]
[Date "2011.05.07"]
[Round "5.32"]
[White "Nedilko,V"]
[Black "Molchanov,Alexe"]
[Result "1/2-1/2"]
[WhiteElo "2407"]
[BlackElo "2195"]

1.d4 d5 2.c4 c6 3.Nf3 Nf6 4.Nc3 a6 5.a4 e6 6.g3 Bb4 7.Bg2 Ne4 8.Bd2 Nd6 9.c5 Nc4
10.Bc1 e5 11.dxe5 Nd7 12.O-O O-O 13.e4 Bxc3 14.bxc3 dxe4 15.Ng5 Nxc5 16.Qh5 Bf5
17.e6 Nxe6 18.Nxe4 Bg6 19.Qe2 b5 20.Rd1 Qc7 21.axb5 axb5 22.Rxa8 Rxa8 23.Ng5 Nxg5
24.Bxg5 h6 25.Bf4 Qb6 26.h4 Qc5 27.Qf3 Ra2 28.g4 h5 29.Bg3 Ne5 30.Bxe5 Qxe5
31.gxh5 Bxh5 32.Rd8+ Kh7 33.Qe4+ Qxe4 34.Bxe4+ Bg6 35.Bxc6 Rc2 36.Bxb5 Rxc3
37.Rd4 Kh6 38.Kg2 Bh5 39.Bd3 Bg6  1/2-1/2

[Event "TCh-POL Ekstraliga"]
[Site "Wroclaw POL"]
[Date "2011.05.07"]
[Round "2.3"]
[White "Praszak,M"]
[Black "Slaby,Je"]
[Result "1/2-1/2"]
[WhiteElo "2190"]
[BlackElo "2481"]

1.d4 d5 2.c4 c6 3.Nc3 Nf6 4.Nf3 a6 5.c5 g6 6.Bf4 Bg7 7.h3 O-O 8.e3 Nbd7 9.Be2 b6
10.cxb6 Qxb6 11.Qd2 Ne4 12.Qc2 Ndf6 13.O-O Nxc3 14.bxc3 c5 15.Qb3 Qa5 16.Ne5 c4
17.Qb2 Bd7 18.Nxd7 Nxd7 19.Bf3 e5 20.Bg3 Rab8 21.Qc2 Rb5 22.Rab1 e4 23.Be2 Rc8
24.a4 Rb6 25.f3 f5 26.fxe4 dxe4 27.Bf4 Rxb1 28.Rxb1 Nb6 29.Qb2 Rc6 30.Bc7 Rxc7
31.Qxb6 Qxb6 32.Rxb6 a5 33.Rb5 Bf8 34.Rxa5 Ba3 35.Rb5 Bc1 36.Kf2 Bd2 37.a5 f4
38.exf4 Bxc3 39.Ke3 Be1 40.a6 c3 41.Rb8+ Kg7 42.Rb7 Rxb7 43.axb7 c2 44.b8=Q c1=Q+
45.Kxe4 Qc2+ 46.Bd3 Qxg2+ 47.Ke5 Qxh3 48.Qb7+ Kh6 49.Be4 Qh5+ 50.Kd6 Bg3
51.Qf7 Qg4 52.Qf8+ Kh5 53.Ke5 Qg5+ 54.Ke6 Bxf4 55.Bf3+ Kh4 56.Qf7 Kg3 57.Be4 Qg4+
58.Kd5 Qh5+ 59.Kc6 Qe2 60.Qb3+ Kh4 61.Kd5 Kg5 62.Qf3 Qb5+ 63.Ke6 Qc4+ 64.Ke7 Qc7+
65.Ke6 Qd6+ 66.Kf7 Qd7+ 67.Kg8 Qxd4 68.Bc6 h5 69.Kh7 Kf6 70.Qe4 Qa7+ 71.Bb7 g5
72.Qc6+ Ke7 73.Qe4+  1/2-1/2

[Event "ch-Euro Indiv Women"]
[Site "Tbilisi GEO"]
[Date "2011.05.09"]
[Round "3"]
[White "Ovod,E"]
[Black "Stefanova,A"]
[Result "1/2-1/2"]
[WhiteElo "2404"]
[BlackElo "2506"]

1.d4 d5 2.c4 c6 3.Nf3 Nf6 4.Nc3 a6 5.e3 b5 6.c5 Bg4 7.Qb3 Bxf3 8.gxf3 e5
9.a4 Nbd7 10.Qa3 Rc8 11.axb5 axb5 12.Bd2 g6 13.Nxb5 cxb5 14.Bxb5 exd4 15.exd4 Rb8
16.Qa4 Bxc5 17.dxc5 O-O 18.b4 Ne5 19.Be2 d4 20.Qb3 d3 21.Bd1 Qd4 22.Qc3 Qd5
23.O-O Nxf3+ 24.Bxf3 Qxf3 25.Qe5 Rfe8 26.Qg3 Qe2 27.Rad1 Ne4 28.Qf4 g5 29.Qf5 h6
30.Rfe1 Nxd2 31.Rxe2 dxe2 32.Re1 Rxb4 33.Kg2 Rbe4 34.c6 Nc4 35.c7 Nd6 36.Qf6 R4e6
37.Rxe2 Rxf6 38.Rxe8+ Kg7 39.Rd8 Rf4 40.Rxd6 Rc4 41.h4 Rxc7 42.hxg5 hxg5
43.f4 g4 44.Rd5 Rc3 45.Rg5+ Kf6 46.Rxg4 Kf5 47.Rg7 f6 48.Rf7 Re3 49.Rf8 Re6
50.Kf3 Ra6 51.Kg3 Ra4 52.Rf7 Ra3+ 53.Kf2 Ke6 54.Rb7 Kf5 55.Rb6 Rh3 56.Ra6 Rh4
57.Ke3 Rh3+ 58.Kf2 Rb3 59.Rc6 Rb4 60.Kg3 Rb3+ 61.Kf2  1/2-1/2

[Event "ch-Euro Indiv Women"]
[Site "Tbilisi GEO"]
[Date "2011.05.10"]
[Round "4"]
[White "Lomineishvili,M"]
[Black "Vakhania,A"]
[Result "1/2-1/2"]
[WhiteElo "2376"]
[BlackElo "2189"]

1.d4 d5 2.c4 c6 3.Nf3 Nf6 4.Nc3 a6 5.cxd5 cxd5 6.Bf4 Nc6 7.Ne5 e6 8.e3 Bd6
9.Rc1 O-O 10.Bd3 Bxe5 11.Bxe5 Nxe5 12.dxe5 Nd7 13.O-O f5 14.exf6 Nxf6 15.e4 d4
16.e5 dxc3 17.exf6 Qxf6 18.Rxc3 e5 19.Be4 Be6 20.Rf3 Qe7 21.Rxf8+ Rxf8 22.Qh5 h6
23.Qxe5 Re8 24.Re1 Bf7 25.Qc3 Kh8 26.Re3 Qd7 27.h3 Bxa2 28.b3 Qd1+ 29.Kh2 Qxb3
30.Qa5 Qb2 31.Bxb7 Rxe3 32.fxe3 Qxb7 33.Qxa2 Qc7+ 34.Kg1 a5 35.Qa3 Kg8 36.Qb3+ Kf8
37.Qa3+ Kf7 38.Qb3+ Kf6 39.Qd5 Qe5 40.Qc6+ Kf7 41.Qd7+ Kg6 42.Qc6+ Kg5 43.Kh1 h5
44.Qa4 Kh6 45.Qc6+ g6 46.Qa4 Qc5 47.Qe8 Kg7 48.e4 Kf6 49.Qd8+ Ke5 50.Qg5+ Kd4
51.Qxg6 a4 52.Qf6+ Kd3 53.e5 a3 54.e6 Qc1+ 55.Kh2 Qc7+ 56.Kh1 Qc1+ 57.Kh2 Qc7+  1/2-1/2

[Event "ch-Euro Indiv Women"]
[Site "Tbilisi GEO"]
[Date "2011.05.10"]
[Round "4"]
[White "Galojan,L"]
[Black "Ushenina,A"]
[Result "1/2-1/2"]
[WhiteElo "2377"]
[BlackElo "2468"]

1.d4 d5 2.c4 c6 3.Nf3 Nf6 4.Nc3 a6 5.e3 e6 6.Bd3 dxc4 7.Bxc4 b5 8.Bd3 c5
9.O-O Bb7 10.Qe2 Nbd7 11.Rd1 Qb8 12.Bd2 Bd6 13.h3 O-O 14.Rac1 Rd8 15.Bb1 cxd4
16.exd4 Bf4 17.Bxf4 Qxf4 18.Qe3 Qd6 19.Ne4 Nxe4 20.Bxe4 Bd5 21.Bxd5 Qxd5
22.Qa3  1/2-1/2

[Event "TCh-UKR Clubs 2011"]
[Site "Alushta UKR"]
[Date "2011.05.15"]
[Round "3.4"]
[White "Korobov,A"]
[Black "Simonian,H"]
[Result "1-0"]
[WhiteElo "2660"]
[BlackElo "2468"]

1.d4 d5 2.c4 c6 3.Nc3 Nf6 4.Nf3 a6 5.c5 Nbd7 6.Bg5 g6 7.e3 Bg7 8.Be2 O-O
9.O-O Re8 10.Na4 Ne4 11.Bh4 Qa5 12.Bd3 f5 13.Qc2 e5 14.Nxe5 Bxe5 15.Bxe4 Bxh2+
16.Kxh2 Rxe4 17.Bg3 Qd8 18.Rae1 g5 19.f3 Re6 20.Kg1 Qf6 21.Qf2 Qf7 22.Qd2 a5
23.Kf2 h5 24.Bh2 h4 25.e4 f4 26.exd5 Rxe1 27.Rxe1 cxd5 28.Nc3 Nf8 29.Re5 Bf5
30.Rxd5 Re8 31.Bxf4 gxf4 32.Qxf4 Bd3 33.Qxh4 Ng6 34.Qg5 Qe7 35.Qxe7 Rxe7
36.Rd6 Kg7 37.g3 Nf8 38.a3 Nh7 39.b4 axb4 40.axb4 Nf6 41.Rxf6 Kxf6 42.Nd5+ Kf7
43.Nxe7 Kxe7 44.d5 Bc4 45.d6+ Ke6 46.Ke3 Bb5 47.g4 Kd5 48.g5 Ke5 49.f4+ Kf5
50.Kd4 Be8 51.Kc4 Kxf4 52.g6 Ke5 53.g7 b5+ 54.cxb6  1-0

[Event "6th Paradiso Amateur Open"]
[Site "Paradiso SUI"]
[Date "2011.05.15"]
[Round "4.7"]
[White "Wipf,Armin"]
[Black "Berger,Stef"]
[Result "0-1"]
[WhiteElo "1495"]
[BlackElo "2012"]

1.d4 d5 2.c4 c6 3.Nf3 Nf6 4.Nc3 a6 5.cxd5 cxd5 6.Bg5 Ne4 7.Rc1 Nxg5 8.Nxg5 e6
9.Nf3 Nc6 10.e3 Bd6 11.Bd3 f5 12.a3 Bd7 13.Qb3 Na5 14.Qc2 b5 15.b4 Nc4 16.Bxc4 dxc4
17.e4 O-O 18.O-O a5 19.bxa5 Rxa5 20.Rb1 Bxa3 21.Ne5 Bd6 22.Nxd7 Qxd7 23.Na2 f4
24.f3 Qa7 25.Nb4 Bxb4 26.Rxb4 Qxd4+ 27.Qf2 Qxf2+ 28.Rxf2 Rc8  0-1

[Event "ch-Euro Indiv Women"]
[Site "Tbilisi GEO"]
[Date "2011.05.16"]
[Round "9"]
[White "Javakhishvili,L"]
[Black "Stefanova,A"]
[Result "0-1"]
[WhiteElo "2454"]
[BlackElo "2506"]

1.d4 d5 2.c4 c6 3.Nf3 Nf6 4.Nc3 a6 5.a4 e6 6.g3 Bb4 7.Bg2 Nbd7 8.O-O a5 9.Qc2 O-O
10.Bf4 dxc4 11.e4 b6 12.Rad1 Bb7 13.h4 Re8 14.Ng5 h6 15.Nf3 b5 16.Ne5 Qb6
17.g4 Nxe5 18.dxe5 Nh7 19.Qe2 Be7 20.Be3 Qc7 21.axb5 cxb5 22.Nxb5 Qxe5 23.Nd6 Bxd6
24.f4 Qb5 25.Rxd6 Ra6 26.Rd4 e5 27.fxe5 Bc8 28.Rd5 Qb3 29.g5 hxg5 30.hxg5 Rg6
31.Rd6 Be6 32.Qd2 Qb5 33.Rd8 Rxd8 34.Qxd8+ Nf8 35.Qc7 Qxb2 36.Qxa5 Qe2 37.Bf4 Qd3
38.Kh2 Bg4 39.Qa8 c3 40.Qd5 Qe2 41.Bc1 Ne6 42.Kg1 Kh7 43.Qb3 Qd3 44.Rxf7 Nd4
45.Qa3 Ne2+ 46.Kh1 Qg3 47.Bf4 Qe1+  0-1

[Event "4th Beirut Open"]
[Site "Beirut LIB"]
[Date "2011.05.17"]
[Round "5.4"]
[White "Mohannad,F"]
[Black "Mohammad,Sam"]
[Result "1-0"]
[WhiteElo "2200"]
[BlackElo "2367"]

1.d4 d5 2.c4 c6 3.Nf3 Nf6 4.Nc3 a6 5.c5 Bg4 6.Ne5 Be6 7.Bf4 Nbd7 8.e3 g6
9.Be2 Bg7 10.h4 h5 11.Qb3 Ra7 12.O-O O-O 13.Qc2 Ne8 14.Nxd7 Bxd7 15.Na4 e5
16.dxe5 Qxh4 17.Nb6 Be6 18.Rad1 Nc7 19.Bd3 Re8 20.Bh2  1-0

[Event "ch-Moscow KO"]
[Site "Moscow RUS"]
[Date "2011.05.18"]
[Round "1.3"]
[White "Mozharov,M"]
[Black "Kuprijanov,A"]
[Result "1/2-1/2"]
[WhiteElo "2469"]
[BlackElo "2114"]

1.d4 d5 2.c4 c6 3.Nf3 Nf6 4.Nc3 a6 5.e3 b5 6.b3 Bg4 7.h3 Bxf3 8.Qxf3 e6 9.Bd2 Nbd7
10.cxd5 cxd5 11.Bd3 Be7 12.O-O O-O 13.a4 b4 14.Na2 a5 15.Rfc1 Rc8 16.Qe2 Qb6
17.Ba6 Ra8 18.Bb5 Rfc8 19.Be1 Nf8 20.f3 Qd8 21.Ba6 Rxc1 22.Rxc1 Qb6 23.Bb5 Qd8
24.Qc2 Bd6 25.Qc6 Rb8 26.Rc2 h5 27.Nc1 Ng6 28.Nd3 Ne7 29.Qa6 Ra8 30.Qb7 Rb8
31.Qa7 Ra8 32.Qb7 Rb8  1/2-1/2

[Event "DPMM Final"]
[Site "Baden Baden GER"]
[Date "2011.05.21"]
[Round "2.1"]
[White "Van Wely,L"]
[Black "Dautov,R"]
[Result "1-0"]
[WhiteElo "2675"]
[BlackElo "2609"]

1.d4 Nf6 2.c4 c6 3.Nc3 d5 4.Nf3 a6 5.a4 e6 6.g3 dxc4 7.Bg5 h6 8.Bxf6 Qxf6
9.Bg2 Nd7 10.O-O Be7 11.e3 O-O 12.Nd2 Rd8 13.Nxc4 Bf8 14.Qe2 Rb8 15.Rfd1 Qe7
16.a5 Nf6 17.Na4 Qb4 18.Qc2 Bd7 19.b3 c5 20.Nab6 cxd4 21.Rxd4 Bc5 22.Rdd1 Bc6
23.Bxc6 bxc6 24.Ne5 Rxd1+ 25.Rxd1 Qb5 26.Nbd7 Nxd7 27.Nxd7  1-0

[Event "ch-Siberia Men"]
[Site "Barnaul RUS"]
[Date "2011.05.23"]
[Round "4"]
[White "Samdanov,S"]
[Black "Iskusnyh,S"]
[Result "1/2-1/2"]
[WhiteElo "2139"]
[BlackElo "2481"]

1.d4 d5 2.c4 c6 3.Nf3 Nf6 4.Nc3 a6 5.a4 e6 6.g3 a5 7.Bg2 Nbd7 8.O-O Bb4 9.Qc2 O-O
10.Rd1 Qe7 11.Nd2 dxc4 12.Nxc4 e5 13.Na2 exd4 14.Nxb4 Qxb4 15.Rxd4 Ne5 16.Bd2 Qc5
17.Be3 Nxc4 18.Rxc4 Qh5 19.f3 Bf5 20.Qc1 Be6 21.Rc5 Nd5 22.Bd2 f5 23.Rxa5 Rxa5
24.Bxa5 f4 25.Bd2 Qe5 26.Kf2 Qh5 27.Kf1 Qe5 28.Kf2 Qd4+ 29.Kf1 Qe5 30.Kf2 Qd4+  1/2-1/2

[Event "Zonal 3.3"]
[Site "Tagaytay City PHI"]
[Date "2011.05.25"]
[Round "3"]
[White "Purnama,T"]
[Black "Tin,Jingyao"]
[Result "1-0"]
[WhiteElo "2404"]
[BlackElo "1859"]

1.Nf3 d5 2.d4 Nf6 3.c4 c6 4.Nc3 a6 5.Qb3 g6 6.cxd5 cxd5 7.Bg5 Be6 8.Qxb7 Nbd7
9.e3 Rb8 10.Qxa6 Rxb2 11.Bb5 Ne4 12.Nxe4 dxe4 13.Ne5 f6 14.Bxf6 Rxb5 15.Bxh8 Rb6
16.Qa4 Qb8 17.O-O Rb4 18.Qc6 Rb6 19.Qxe4 Nf6 20.Qc2 Bh6 21.Rab1 Kf8 22.Rxb6 Qxb6
23.Nxg6+ hxg6 24.Qxg6 Ng4 25.h3 Qd6 26.hxg4 Bxa2 27.Qxd6 exd6 28.Ra1 Bd5
29.Ra6  1-0

[Event "3rd Limpedea Cup"]
[Site "Baia Sprie ROU"]
[Date "2011.05.26"]
[Round "5"]
[White "Shishkin,Va UKR"]
[Black "Genov,Peta"]
[Result "0-1"]
[WhiteElo "2474"]
[BlackElo "2444"]

1.d4 d5 2.c4 c6 3.Nc3 Nf6 4.Nf3 a6 5.c5 Bf5 6.Bf4 Nbd7 7.Qb3 Qc8 8.h3 e6
9.e3 Be7 10.Be2 Bg6 11.O-O O-O 12.Rac1 Re8 13.Nh4 Bd8 14.Nxg6 hxg6 15.Bd6 e5
16.f4 exd4 17.exd4 Bc7 18.Be5 Nf8 19.Bd3 Ne6 20.Rce1 g5 21.Bxf6 gxf6 22.fxg5 fxg5
23.Bf5 Qd8 24.Qxb7 Qd7 25.Qb3 Bf4 26.Qd1 Qc7 27.Bxe6 Rxe6 28.Rxe6 fxe6 29.Qg4 Re8
30.Ne2 Be3+ 31.Kh1 Qh7 32.Qf3 Qf5 33.Qxf5 exf5 34.Rxf5 Bd2 35.Re5 Rxe5 36.dxe5 Be3
37.g3 Kf7 38.Kg2 Ke6 39.b4 Kxe5 40.Kf3 Bd2 41.a3 d4 42.h4 d3 43.Ng1 gxh4
44.gxh4 Kd4 45.h5 Be3 46.Nh3 d2 47.Ke2 Kc3 48.Kd1 Kb3 49.h6 Bxh6 50.Nf2 Kxa3
51.Nd3 Kb3 52.Ne5 Kxb4 53.Nxc6+ Kxc5 54.Na5 Kb4 55.Nc6+ Kc3 56.Na5 Bf4 57.Nc6 Bd6
58.Na5 Bb4 59.Nc6 a5 60.Ne5 a4 61.Nf3 a3  0-1

[Event "e2e4 Sunningdale Open"]
[Site "Ascot ENG"]
[Date "2011.05.28"]
[Round "3"]
[White "Dupre,P"]
[Black "Arnott,J"]
[Result "0-1"]
[WhiteElo "2050"]
[BlackElo "2177"]

1.d4 d5 2.Nf3 Nf6 3.c4 c6 4.Nc3 a6 5.cxd5 cxd5 6.Bg5 Ne4 7.Qb3 Nxg5 8.Nxg5 e6
9.Nf3 Nc6 10.e3 Na5 11.Qc2 b5 12.a3 Bb7 13.Bd3 h6 14.O-O Bd6 15.Rad1 O-O
16.e4 dxe4 17.Bxe4 Rc8 18.Bxb7 Nxb7 19.Qe4 Na5 20.d5 Re8 21.dxe6 Rxe6 22.Qf5 Nc4
23.b3 Nxa3 24.Ne4 g6 25.Qd5 Bxh2+ 26.Kxh2 Qxd5 27.Rxd5 Rxe4 28.Rd6 Rc3 29.Rxa6 Rxb3
30.Rd1 Nc4 31.Ra7 Ne5 32.Nxe5 Rxe5 33.f3 Rh5+ 34.Kg1 Rf5 35.Rb7 Kg7 36.Rc1 h5
37.Rc2 h4 38.Kh2 g5 39.Rd2 Kg6 40.Rb6+ f6 41.Rb7 Rf4 42.Rb6 b4 43.Re2 Rb1
44.Rd2 Rb3 45.Re2 g4 46.fxg4 Rg3 47.Rb2 Rgxg4 48.Rb5 Kf7 49.Re2 Re4 50.Rf2 Rgf4
51.Rd2 Rd4 52.Re2 Rfe4 53.Rf2 Ke7 54.Rb6 Re6 55.Rb5 Kd7 56.Rc2 Rc6 57.Rf2 Kc7
58.Rb2 Rb6 59.Rf5 b3 60.Kg1 Rc4 61.Rf3 Rcb4 62.Kf1 Kb7 63.Ke2 Ka6 64.Rf5 R4b5
65.Rf4 Ka5 66.Rxh4 Rb4 67.Rh1 Rg4 68.Ra1+ Ra4 69.Rab1 Ra2 70.Kd3 Rxb2 71.Rxb2 Kb4
72.Rb1 Rd6+ 73.Ke3 Kc3 74.Rc1+ Kb2 75.Rc7 Kb1 76.Rb7 b2 77.Rc7 Rd5 78.g4 Ka2
79.Ra7+ Kb3 80.Rb7+ Kc3 81.Rb6 Re5+ 82.Kf3 Re1 83.Rc6+ Kd4  0-1

[Event "XXX Zalakaros Open"]
[Site "Zalakaros HUN"]
[Date "2011.05.28"]
[Round "9"]
[White "Nemeth,De"]
[Black "Zilahi,G"]
[Result "1-0"]
[WhiteElo "2182"]
[BlackElo "2038"]

1.d4 d5 2.Nf3 Nf6 3.c4 c6 4.Nc3 a6 5.c5 g6 6.h3 Bg7 7.Bf4 O-O 8.e3 Re8 9.Bd3 Nfd7
10.O-O e5 11.Nxe5 Nxe5 12.Bxe5 Bxe5 13.dxe5 Nd7 14.b4 Rxe5 15.Ne2 Nf8 16.Nd4 Re8
17.a4 Ne6 18.Nb3 Bd7 19.Qc2 Qh4 20.f4 Ng7 21.Qf2 Qf6 22.Nd4 Nf5 23.Bxf5 Bxf5
24.Qd2 Bd7 25.Rfb1 Re4 26.Ra3 Rae8 27.Nf3 Qe7 28.Kf2 f6 29.Nd4 g5 30.g3 Bxh3
31.Rc3 Bd7 32.b5 Qf7 33.bxa6 bxa6 34.Qd1 Qg6 35.Rb6 Qh6 36.Qg1 Bg4 37.Rb2 Kh8
38.Rcb3 gxf4 39.gxf4 Rg8 40.Rb8 Bc8 41.Qxg8+ Kxg8 42.Rxc8+ Kf7 43.Rb7+ Kg6
44.Rg8+ Kh5 45.Rb1 Qg6 46.Rh1+ Kg4 47.Rxg6+ hxg6 48.Rg1+ Kh5 49.Kf3  1-0

[Event "Chicago Open"]
[Site "Wheeling USA"]
[Date "2011.05.30"]
[Round "9"]
[White "Harikrishna,P"]
[Black "Ramirez,Alej"]
[Result "1/2-1/2"]
[WhiteElo "2666"]
[BlackElo "2579"]

1.d4 d5 2.c4 c6 3.Nf3 Nf6 4.Nc3 a6 5.Bd2 Bf5 6.Qb3 b5 7.c5 Nbd7 8.a4 e5 9.e3 exd4
10.exd4 Be7 11.Be2 O-O 12.O-O Re8 13.Rfe1 Ne4 14.Be3 Nxc3 15.bxc3 Qc7 16.h3 Bf6
17.Qa2 bxa4 18.Qd2 Qa5 19.Ra3 Reb8 20.Rea1 Rb1+ 21.Rxb1 Bxb1 22.c4 Qxd2 23.Nxd2 Bc2
24.cxd5 cxd5 25.Rc3 Bg6 26.Bd1 Nf8 27.Bxa4 Ne6 28.Nb3 Rb8 29.Bd7 Bd8 30.c6 Bc7
31.Bxe6 fxe6 32.Nc5 Be8 33.Nxa6 Rb1+ 34.Rc1 Rxc1+ 35.Bxc1 Bd6 36.c7 Bd7 37.Bd2 Bc8
38.Bb4 Bf4 39.g3 Bxg3 40.fxg3 Bxa6 41.Kf2 Kf7 42.Ke3 Ke8 43.Bd6 Kd7 44.Be5 g6
45.g4 h5 46.g5 Bf1 47.h4 Bb5 48.Kd2 Ba6 49.Kc3 Kc6 50.Bg3 Bc8 51.Kb4 Ba6
52.Ka5 Bc8 53.Be5 Bb7  1/2-1/2

[Event "3rd Limpedea Cup"]
[Site "Baia Sprie ROU"]
[Date "2011.05.31"]
[Round "10"]
[White "Grigore,Ge"]
[Black "Manea,Al"]
[Result "1/2-1/2"]
[WhiteElo "2505"]
[BlackElo "2405"]

1.d4 d5 2.c4 c6 3.Nf3 Nf6 4.Nc3 a6 5.cxd5 cxd5 6.Bf4 Nc6 7.Rc1 e6 8.e3 Bd6
9.Bg3 O-O 10.Bd3 Qe7 11.O-O Bxg3 12.hxg3 e5 13.dxe5 Nxe5 14.Be2 Rd8 15.Nxe5 Qxe5
16.Qd4 Qxd4 17.exd4 Bd7 18.Bd1 Rac8 19.Bb3 Bc6 20.f3 Kf8 21.g4 h6 22.Rfd1 Re8
23.Kf2 Ke7 24.a3 Kd6 25.Bc2 Rc7 26.Bd3 Ree7 27.b4 Bd7 28.a4 Re8 29.a5 Rec8
30.Ne2 Ba4 31.Rxc7 Rxc7 32.Ra1 Bc2 33.Ke3 Ne8 34.b5 Re7+ 35.Kd2 Bxd3 36.Kxd3 axb5
37.Rb1 Nc7 38.Nc3 Kc6 39.Rc1 Kd6 40.Rb1 Kc6 41.Rc1 Kd6  1/2-1/2

[Event "TCh-FRA Top 12 2011"]
[Site "Mulhouse FRA"]
[Date "2011.06.02"]
[Round "8"]
[White "Miton,K"]
[Black "Wirig,A"]
[Result "1/2-1/2"]
[WhiteElo "2619"]
[BlackElo "2514"]

1.d4 d5 2.c4 c6 3.Nc3 Nf6 4.Nf3 a6 5.a4 e6 6.g3 c5 7.cxd5 cxd4 8.Nxd4 Nxd5
9.Bg2 Nxc3 10.bxc3 e5 11.Nb3 Qxd1+ 12.Kxd1 Nc6 13.Ba3 Be6 14.Nc5 O-O-O+ 15.Kc2 Bd5
16.e4  1/2-1/2

[Event "3rd Orissa Open"]
[Site "Bhubaneswar IND"]
[Date "2011.06.03"]
[Round "8"]
[White "Sriram,J"]
[Black "Patil,Pr2"]
[Result "1/2-1/2"]
[WhiteElo "2446"]
[BlackElo "2097"]

1.Nf3 d5 2.d4 Nf6 3.c4 c6 4.Nc3 a6 5.a4 e6 6.g3 Be7 7.Bg2 O-O 8.O-O Nbd7
9.Qc2 b6 10.e4 dxe4 11.Nxe4 Nxe4 12.Qxe4 Bb7 13.Rd1 b5 14.b3 Nf6 15.Qe2 bxc4
16.bxc4 c5 17.Bf4 cxd4 18.Nxd4 Qc8 19.Bxb7 Qxb7 20.Rab1 Qe4 21.f3 Qxe2 22.Nxe2 Bc5+
23.Kf1 Rfc8 24.Be5 Ra7 25.a5 Nd7 26.Bf4  1/2-1/2

[Event "TCh-BUL GpA Men"]
[Site "Albena BUL"]
[Date "2011.06.05"]
[Round "4.3"]
[White "Georgiev,Ki"]
[Black "Dimitrov,Pa"]
[Result "1-0"]
[WhiteElo "2656"]
[BlackElo "2344"]

1.d4 Nf6 2.c4 c6 3.Nf3 d5 4.Nc3 a6 5.e3 g6 6.Be2 Bg7 7.O-O O-O 8.b3 Bf5 9.Bb2 Nbd7
10.h3 h5 11.Rc1 b5 12.cxd5 cxd5 13.Nh4 e6 14.Nxf5 exf5 15.Bf3 Nb6 16.Ba3 Ne4
17.Bxf8 Bxf8 18.Ne2 Bd6 19.Rc6 Rb8 20.Qd3 Ba3 21.Nf4 Qd7 22.Qc2 Bd6 23.Rc1 a5
24.Rxb6 Rxb6 25.Qc8+ Qxc8 26.Rxc8+ Kg7 27.Nxd5 Rb7 28.Nc3 a4 29.Bxe4 fxe4
30.Nxe4 Bb4 31.g4 hxg4 32.hxg4 f5 33.gxf5 gxf5 34.Ng3 Kg6 35.Kg2 f4 36.Rc6+ Kf7
37.Nf5 fxe3 38.fxe3 a3 39.Kf3 Rb8 40.e4 Rh8 41.e5 Rh3+ 42.Kg4 Rh2 43.e6+ Kf6
44.e7+ Kf7 45.Rf6+ Kxf6 46.e8=Q Rg2+ 47.Kf3 Rxa2 48.Qe5+ Kf7 49.Qxb5 Ra1
50.Qxb4 Rf1+ 51.Ke4 a2 52.Qc4+  1-0

[Event "Portuguese Masters"]
[Site "Vila Nova de Gaia POR"]
[Date "2011.06.10"]
[Round "6.5"]
[White "Santos,AntonioP"]
[Black "Padeiro,J"]
[Result "0-1"]
[WhiteElo "2344"]
[BlackElo "2276"]

1.d4 d5 2.c4 c6 3.Nf3 Nf6 4.Nc3 a6 5.c5 Bf5 6.Qb3 Ra7 7.Bf4 Nh5 8.Bd2 Nf6
9.h3 Nbd7 10.Rc1 Qc7 11.g3 e5 12.Nxe5 Nxe5 13.dxe5 Nd7 14.Na4 Nxe5 15.Bg2 Be7
16.O-O O-O 17.Bf4 Bf6 18.g4 Bc8 19.Qg3 g5 20.Bd2 Qe7 21.b3 Ng6 22.Rfe1 Be5
23.Qe3 h6 24.Bc3 f6 25.Qd2 Bb8 26.Bd4 Qc7 27.Qd3 Qh2+ 28.Kf1 Nh4 29.Bxd5+ cxd5
30.Red1 Qh1+  0-1

[Event "Teplice Open"]
[Site "Teplice CZE"]
[Date "2011.06.11"]
[Round "1"]
[White "Srkal,Miroslav"]
[Black "Kantorik,M"]
[Result "0-1"]
[WhiteElo "1828"]
[BlackElo "2312"]

1.d4 d5 2.c4 c6 3.Nf3 Nf6 4.Nc3 a6 5.e3 b5 6.c5 g6 7.Bd3 Bg7 8.Ne5 O-O 9.a3 Nfd7
10.f4 Nxe5 11.fxe5 f6 12.exf6 exf6 13.Bd2 f5 14.Qf3 a5 15.a4 b4 16.Ne2 Ba6
17.Bc2 Nd7 18.b3 Nxc5 19.O-O Ne4 20.Be1 c5 21.Rd1 cxd4 22.Bd3 dxe3 23.Nf4 Bxd3
24.Rxd3 d4 25.Ne6 Qe7 26.Nxd4 Qd6 27.Bg3 Nxg3 28.Qxg3 Qxg3 29.hxg3 Rad8 30.Rfd1 Rxd4
31.Rxd4 e2  0-1

[Event "FSFMA June"]
[Site "Budapest HUN"]
[Date "2011.06.14"]
[Round "11"]
[White "Taube,H"]
[Black "Hocevar,N"]
[Result "1-0"]
[WhiteElo "2086"]
[BlackElo "2034"]

1.d4 d5 2.Nf3 c6 3.c4 Nf6 4.Nc3 a6 5.cxd5 cxd5 6.Bg5 e6 7.e3 Nc6 8.Bd3 h6
9.Bh4 Be7 10.O-O O-O 11.Rc1 Nh5 12.Bxe7 Qxe7 13.Ne5 Nxe5 14.dxe5 g6 15.f4 Ng7
16.Rf3 Bd7 17.Rh3 h5 18.g4 Rfc8 19.gxh5 gxh5 20.Rxh5 Nxh5 21.Qxh5 f5 22.exf6 Qxf6
23.Qh7+ Kf8 24.Qxd7 Rd8 25.Qh7 Rac8 26.Rc2 Qg7+ 27.Rg2 Qxh7 28.Bxh7 Kf7 29.Bg6+ Ke7
30.Ne2 Kf6 31.h4 e5 32.fxe5+ Kxe5 33.h5 Kf6 34.Rf2+ Kg5 35.Kg2 Rf8 36.Rxf8 Rxf8
37.Nf4 Kg4 38.Nxd5  1-0